LEADER 01108nam a2200277 i 4500 001 000000134920 003 CaOOAMICUS 005 20050218000000.0 008 050218s1998 it u000 u ita u 013 $a108164 040 $aSeMil$bita 100 1 $aCloulas, Ivan.$0(OLS)http://semarc/name/5262 245 10$aSavonarola /$cIvan Cloulas. 250 $aEd. speciale per "Famiglia Cristiana". 260 $a[S.l.] :$bFamiglia Cristiana,$ccopyr. 1998. 300 $a360 p. ;$c21 cm. 490 0 $aI protagonisti 500 $aSupplemento a "Famiglia Cristiana" n. 33 del 17 agosto 2003. 600 14$aSavonarola, Girolamo .$0(OLS)http://semarc/subject/1591 700 1 $aCorrieri, Michele.$0(OLS)http://semarc/name/55153 830 2$aI protagonisti.$0(OLS)http://semarc/title/5908 850 $aSeMil 852 $aSeMil$W1$xVenegono$y1$m3V II 97$j88630$B88630$CSeMilBibl$Z2$F93219 $81 961 $aLascito: Garavaglia don Angelo 996 $6245$aSavonarola$9(OLS)http://semarc/title/13775 996 $6260$a[S.l.] :$bFamiglia Cristiana$9(OLS)http://semarc/publisher/33580 LEADER 00768nam a2200205 i 4500 001 000000058626 003 CaOOAMICUS 005 20130304000000.0 008 130304s1887 xx u000 u lat u 013 $a29798 040 $aSeMil$bita 100 1 $aBerardi, Emilio.$0(OLS)http://semarc/name/12287 245 13$aDe parocho compendium /$cauctore Aemilio Berardi. 260 $aFaventiae :$bTypographia Novelli,$c1887. 300 $a314 p. ;$c23 cm. 650 4$aParroco.$0(OLS)http://semarc/subject/4452 850 $aSeMil 852 $aSeMil$W1$xVenegono$y1$m2J II 19 FA$j24779$B24779$CSeMilBibl$Z2$F24782 $8I 996 $6245$aDe parocho compendium$9(OLS)http://semarc/title/91428 996 $6260$aFaventiae :$bTypographia Novelli$9(OLS)http://semarc/publisher/41957 LEADER 01093nam a2200229 i 4500 001 000000070650 003 CaOOAMICUS 005 20101026000000.0 008 101026s1999 it u000 u ita u 013 $a41822 040 $aSeMil$bita 245 10$aDio mi basta :$bpensieri di Madre Maria Candida Casero /$cA cura delle Monache Romite di Bernaga. 260 $a[S.l. :$bs.n.],$cstampa 1999$e(Lecco :$fGrafica Colombo Snc di Alfredo Colombo & C. ,$gstampa 1999) 300 $a156 p. :$bill. ;$c21 cm. 500 $aContiene : Scheda biografica. - In mezzo al front : Dono di Mons. Rimoldi. 600 14$aCasero, Maria Candida .$0(OLS)http://semarc/subject/8704 710 2 $aRomite Ambrosiane .$0(OLS)http://semarc/name/49823 850 $aSeMil 852 $aSeMil$W1$xVenegono$y1$m3J I 339$j36803$B36803$CSeMilBibl$Z2$F36806 $81 961 $aOmaggio: Donazione 996 $6245$aDio mi basta :$bpensieri di Madre Maria Candida Casero$9(OLS)http://semarc/title/113505 996 $6260$a[S.l. :$bs.n.]$9(OLS)http://semarc/publisher/29751